[Event "Utrecht OKU op-B"]
[Site "Utrecht"]
[Date "2000.05.21"]
[Round "5"]
[White "Hofstra, P."]
[Black "Van Meer, Chris AM"]
[Result "1/2-1/2"]
[WhiteElo "1465"]
[BlackElo "1592"]
[PlyCount "62"]
[EventDate "2000.05.??"]
[EventType "swiss"]
[EventRounds "6"]
[EventCountry "NED"]
[SourceTitle "EXT 2002"]
[Source "ChessBase"]
[SourceDate "2001.11.25"]
[SourceVersion "1"]
[SourceVersionDate "2001.11.25"]
[SourceQuality "1"]

1. e4 e6 2. d4 d5 3. Nc3 Bb4 4. e5 c5 5. Be3 Nc6 6. Nf3 Qc7 7. a3 Bxc3+ 8. bxc3 Nge7 9. Bd3 Bd7 10. 0-0 cxd4 11. cxd4 h6 12. Qe2 Na5 13. Nd2 Rc8 14. Bb5 Bxb5 15. Qxb5+ Nec6 16. c4 dxc4 17. Nxc4 Nxc4 18. Qxc4 0-0 19. Rfc1 Qd7 20. Qa4 Nxe5 21. Qxd7 Nxd7 22. d5 exd5 23. Bxa7 Rc4 24. Rd1 Nf6 25. Rab1 Ra8 26. Rxb7 Ra4 27. Bc5 Rc4 28. Bb4 d4 29. Kf1 Nd5 30. Rd7 Nxb4 31. axb4 Rxb4 1/2-1/2